header

Creative and innovative network management (Record no. 208751)

MARC details
000 -LEADER
fixed length control field 01616nam a22003494a 4500
082 04 - DEWEY DECIMAL CLASSIFICATION NUMBER
Classification number 004.6/068
245 10 - TITLE STATEMENT
Title Creative and innovative network management
260 ## - PUBLICATION, DISTRIBUTION, ETC. (IMPRINT)
Place of publication Amsterdam ;
-- Burke, VA :
Name of publisher IOS Press ;
Place of publication Tokyo :
Name of publisher Ohmsha,
Year of publication c2003.
300 ## - PHYSICAL DESCRIPTION
Number of Pages xix, 159 p. :
Other physical details ill.
490 1# - SERIES STATEMENT
Series statement NATO science series. Series III, Computer and systems sciences,
500 ## - GENERAL NOTE
General note "Published in cooperation with NATO Scientific Affairs Division."
650 #0 - SUBJECT ADDED ENTRY--TOPICAL TERM
Topical Term Computer networks
700 1# - ADDED ENTRY--PERSONAL NAME
Personal name Popov, Oliver Blagoj,
856 40 - ELECTRONIC LOCATION AND ACCESS
Uniform Resource Identifier http://site.ebrary.com/lib/rucke/Doc?id=10116483

No items available.

© 2026 Rongo University
Contact us: librarian | system librarian | Rongo university